都道府県境を3回以上跨ぐ鉄道路線 - Statistics

General Stats
  • This quiz has been taken 1,446 times
    340 since last reset
  • The average score is 15 of 25
Answer Stats
回数 路線 都道府県 % Correct
8回 JR東北本線 東京-埼玉-茨城-栃木-福島-宮城-岩手-宮城-岩手
93%
9回 JR東北新幹線 東京-埼玉-茨城-栃木-福島-宮城-岩手-宮城-岩手-青森
92%
7回 JR東海道本線 東京-神奈川-静岡-愛知-滋賀-京都-大阪-兵庫
92%
6回 JR東海道新幹線 東京-神奈川-静岡-愛知-滋賀-京都-大阪
92%
4回 JR山陰本線 京都-兵庫-鳥取-島根-山口
92%
4回 JR山陽本線 兵庫-岡山-広島-山口-福岡
90%
5回 JR中央本線 東京-神奈川-山梨-長野-岐阜-愛知
87%
5回 JR北陸新幹線 群馬-長野-新潟-富山-石川-福井
85%
5回 JR山陽新幹線 大阪-兵庫-岡山-広島-山口-福岡
85%
4回 JR常磐線 東京-千葉-茨城-福島-宮城
85%
4回 JR九州新幹線 福岡-佐賀-福岡-熊本-鹿児島
83%
3回 JR鹿児島本線 福岡-佐賀-福岡-熊本
81%
3回 JR奥羽本線 福島-山形-秋田-青森
75%
3回 JR日豊本線 福岡-大分-宮崎-鹿児島
71%
4回 JR関西本線 愛知-三重-京都-奈良-大阪
69%
4回 JR武蔵野線 東京-埼玉-東京-埼玉-千葉
36%
7回 小田急小田原線 東京-神奈川-東京-神奈川-東京-神奈川-東京-神奈川
33%
3回 JR横浜線 神奈川-東京-神奈川-東京
30%
4回 東武伊勢崎線 東京-埼玉-群馬-栃木-群馬
25%
3回 常磐新線(つくばエクスプレス) 東京-埼玉-千葉-茨城
23%
5回 京王相模原線 東京-神奈川-東京-神奈川-東京-神奈川
17%
3回 東急田園都市線 東京-神奈川-東京-神奈川
16%
3回 西武池袋線 東京-埼玉-東京-埼玉
9%
3回 JR大糸線 長野-新潟-長野-新潟
6%
3回 能勢電鉄妙見線 兵庫-大阪-兵庫-大阪
2%
No matching quizzes found
Score Distribution
Percent of People with Each Score
Percentile by Number Answered
Your Score History
You have not taken this quiz since the last reset